Histoire de la procédure civile chez les romains / (Record no. 167855)

MARC details
000 -LEADER
campo de control de longitud fija 00774nam a2200205 4500
001 - NÚMERO DE CONTROL
campo de control 167855
003 - IDENTIFICADOR DE NÚMERO DE CONTROL
campo de control ES-MaACL
005 - FECHA Y HORA DE LA ÚLTIMA TRANSACCIÓN
campo de control 20251003063149.0
008 - DATOS DE LONGITUD FIJA--INFORMACIÓN GENERAL
campo de control de longitud fija 950302s1841 fr |||| | fre d
040 ## - FUENTE DE CATALOGACIÓN
Centro catalogador/agencia de origen EUS
Lengua de catalogación spa
Centro/agencia transcriptor EUS
100 1# - ENTRADA PRINCIPAL--NOMBRE DE PERSONA
Nombre de persona Walter, Ferdinand,
Fechas asociadas al nombre 1794-1879
9 (RLIN) 133878
245 10 - MENCIÓN DEL TÍTULO
Título Histoire de la procédure civile chez les romains /
Mención de responsabilidad, etc. par Ferdinand Walter ; traduite de l'allemand par Edouard Laboulaye.
260 ## - PUBLICACIÓN, DISTRIBUCIÓN, ETC.
Lugar de publicación, distribución, etc. Paris :
Nombre del editor, distribuidor, etc. A. Durand :
-- Joubert,
Fecha de publicación, distribución, etc. 1841 (
Lugar de fabricación/manufactura Batignolles-Monceaux :
Fabricante Imprimerie d'Auguste Desrez)
300 ## - DESCRIPCIÓN FÍSICA
Extensión XXXII, 138 p. ;
Dimensiones 22 cm.
650 07 - PUNTO DE ACCESO ADICIONAL DE MATERIA--TÉRMINO DE MATERIA
Término de materia o nombre geográfico como elemento de entrada Derecho romano
Fuente del encabezamiento o término embne
9 (RLIN) 11764
700 1# - ENTRADA AGREGADA--NOMBRE PERSONAL
Nombre de persona Laboulaye, Édouard (
Fechas asociadas al nombre 1811-1883)
9 (RLIN) 69262
852 ## - LOCALIZACIÓN
Ubicación ES-MaACL
Número de control de estantería B-5984
Nota libre -- Enc. hol.
Holdings
Estatus retirado Estado de pérdida Estado de daño No para préstamo Colección Biblioteca de origen Biblioteca actual Ubicación en estantería Fecha de adquisición Fuente de adquisición Total de préstamos Signatura topográfica completa Código de barras Visto por última vez Precio de reemplazo Tipo de ítem Koha
        Libros del s. XIX Biblioteca del Ateneo de Madrid Biblioteca del Ateneo de Madrid Sala Pardo Bazán 17/01/2008     B-5984 1176100 23/02/2023 23/02/2023 Libro impreso antiguo